LEADER 00591cam a2200193u 4500 001 991004307036507536 005 20240208124422.0 008 240208s1952 it e 001 e ita 040 $aBibl. Dip.le Aggr. Scienze Umane e Sociali - Sez. Studi Storici 082 04$a371.7 100 1 $aBetimelli, Aldo$01592558 245 00$aIgiene scolastica /$cAldo Betimelli 260 $aTorino [etc.] :$bParavia e C.,$c1952 300 $aVIII, 144 p. ;$c21 cm 490 1 $aIl maestro 650 4$aIgiene scolastica 912 $a991004307036507536 996 $aIgiene scolastica$93910661 997 $aUNISALENTO LEADER 01225nam 2200349z- 450 001 9910694591603321 005 20080821093457.0 035 $a(CKB)5860000000022963 035 $a(BIP)023914285 035 $a(EXLCZ)995860000000022963 100 $a20220406c2007uuuu -u- - 101 0 $aeng 200 10$aFederal Bureau of Investigation $ehearing before the Committee on the Judiciary, House of Representatives, One Hundred Tenth Congress, first session, July 26, 2007 215 $a1 online resource (iii, 85 p.) 311 $a0-16-081292-5 517 $aFederal Bureau of Investigation 606 $aIntelligence service$zUnited States$xEvaluation 606 $aCriminal investigation$zUnited States$xEvaluation 606 $aTerrorism$zUnited States$xPrevention 610 $aUnited States 610 $aIntelligence service 610 $aCriminal investigation 610 $aTerrorism 610 $aPolitical science 610 $aSocial science 615 0$aIntelligence service$xEvaluation. 615 0$aCriminal investigation$xEvaluation. 615 0$aTerrorism$xPrevention. 906 $aBOOK 912 $a9910694591603321 996 $aFederal Bureau of Investigation$93092205 997 $aUNINA